Carbon sequestration capacity of natural rubber plantations (Record no. 52491)

MARC details
000 -LEADER
fixed length control field 00435nam a2200121Ia 4500
100 ## - MAIN ENTRY--AUTHOR NAME
Personal name Jacob J.[a]
245 #0 - TITLE STATEMENT
Title Carbon sequestration capacity of natural rubber plantations
260 ## - PUBLICATION, DISTRIBUTION, ETC. (IMPRINT)
Name of publisher IRRDB Symposium on Challenges for Natural Rubber in Globalization, 15-17 September 2003, Chiang Mai, Thailand.
Year of publication 2003
650 ## - SUBJECT ADDED ENTRY--TOPICAL TERM
Topical Term Carbon sequestration
650 ## - SUBJECT ADDED ENTRY--TOPICAL TERM
Topical Term Rubber plantation
942 ## - ADDED ENTRY ELEMENTS (KOHA)
Koha item type Bibliography STAF
Holdings
Withdrawn status Lost status Damaged status Not for loan Home library Current library Date acquired Koha item type
      Bibliography RRII Library RRII Library 09/04/2014 Bibliography STAF